Statistics for Phoenix Suns: Leading Scorer Every Year

Click here to take the quiz!

General Stats

  • This quiz has been taken 586 times
    (15 since last reset)
  • The average score is 27 of 56

Answer Stats

YearPlayerAverage% Correct
1992-1993Charles Barkley25.6
100%
1995-1996Charles Barkley23.2
100%
1993-1994Charles Barkley21.6
100%
1994-1995Charles Barkley23.0
100%
2023-2024Kevin Durant27.1
100%
2007-2008Amar'e Stoudemire25.2
93%
2009-2010Amar'e Stoudemire23.1
93%
2006-2007Amar'e Stoudemire20.4
93%
2004-2005Amar'e Stoudemire26.0
93%
2008-2009Amar'e Stoudemire21.4
93%
2019-2020Devin Booker26.6
93%
2018-2019Devin Booker26.6
93%
2017-2018Devin Booker24.9
93%
2016-2017Devin Booker22.1
93%
2020-2021Devin Booker25.6
93%
2021-2022Devin Booker26.8
93%
2022-2023Devin Booker27.8
93%
2005-2006Shawn Marion21.8
71%
2000-2001Shawn Marion17.3
71%
1981-1982Dennis Johnson19.5
64%
1990-1991Kevin Johnson22.2
64%
1996-1997Kevin Johnson20.1
64%
1983-1984Walter Davis20.0
50%
1986-1987Walter Davis23.6
50%
1985-1986Walter Davis21.8
50%
1982-1983Walter Davis19.0
50%
1989-1990Tom Chambers27.2
43%
1988-1989Tom Chambers25.7
43%
1991-1992Jeff Hornacek20.1
36%
1987-1988Larry Nance21.1
29%
1984-1985Larry Nance19.9
29%
1975-1976Paul Westphal20.5
29%
1976-1977Paul Westphal21.3
29%
1977-1978Paul Westphal25.2
29%
1979-1980Paul Westphal21.9
29%
1970-1971Dick Van Arsdale21.9
21%
2015-2016Eric Bledsoe20.4
21%
2014-2015Eric Bledsoe17.0
21%
2013-2014Goran Dragic20.3
21%
2012-2013Goran Dragic14.7
21%
2010-2011Jason Richardson19.3
21%
2002-2003Stephon Marbury22.3
21%
2003-2004Stephon Marbury20.8
21%
2001-2002Stephon Marbury20.4
21%
1968-1969Gail Goodrich23.8
14%
2011-2012Marcin Gortat15.4
14%
1974-1975Charlie Scott24.3
7%
1973-1974Charlie Scott25.4
7%
1972-1973Charlie Scott25.3
7%
1999-2000Clifford Robinson18.5
7%
1969-1970Connie Hawkins24.6
7%
1971-1972Connie Hawkins21.0
7%
1998-1999Tom Gugliotta17.0
7%
1980-1981Truck Robinson18.8
7%
1978-1979Paul Westphal24.0
0%
1997-1998Rex Chapman15.9
0%

Score Distribution

Percentile by Number Answered

Percent of People with Each Score

Your Score History

You have not taken this quiz since the last reset